| 000 | 00723cam a2200241Ia 4500 | ||
|---|---|---|---|
| 999 |
_c5979 _d5979 |
||
| 001 | 24301315 | ||
| 003 | OCoLC | ||
| 005 | 20190830161317.0 | ||
| 008 | 910828s1989 nju 000 0 eng d | ||
| 020 |
_a0800753038 (pbk.) : _c$5.95 |
||
| 040 |
_aLFY _cLFY _dKAT _dBGU |
||
| 082 |
_a248.4 _bE46O |
||
| 090 |
_aBV4501.2 _b.E372 1989 |
||
| 100 | 1 | _aElliot, Elisabeth | |
| 245 | 1 | 0 |
_aOn Asking God Why _cElisabeth Elliot |
| 260 |
_aOld Tappan, N.J. : _bRevell, _cc1989 |
||
| 300 |
_a168 p. ; _c21 cm |
||
| 500 | _aPreviously published under title: On asking God why | ||
| 500 | _a"Power books." | ||
| 500 | _aEssays originally published in Christian herald and other journals | ||
| 650 | 0 | _aChristian life | |
| 942 |
_2ddc _cBK |
||